Countries that end in AN - Statistics

General Stats
  • This quiz has been taken 88 times
  • The average score is 14 of 16
Answer Stats
Hint Answer % Correct
Asia Pakistan
100%
Asia Afghanistan
97%
Asia Kazakhstan
97%
Asia Tajikistan
95%
Asia Turkmenistan
95%
Asia Kyrgyzstan
94%
Asia Uzbekistan
92%
Asia Iran
90%
Asia Azerbaijan
87%
Asia Oman
85%
Asia Japan
81%
Asia Bhutan
79%
Asia Jordan
78%
Africa South Sudan
63%
Africa Sudan
63%
Asia Taiwan
60%
No matching quizzes found
Score Distribution
Percent of People with Each Score
Percentile by Number Answered
Your Score History
You have not taken this quiz